Partial Differential Equations and Group Theory : New Perspectives for Applications

Αποθηκεύτηκε σε:
Λεπτομέρειες βιβλιογραφικής εγγραφής
Κύριος συγγραφέας: Pommaret, J.-P
Μορφή: Βιβλίο
Γλώσσα:English
Δημοσίευση: Dordrecht : Kluwer, 1994
Σειρά:Mathematics and its applications ; ; 293
Θέματα:
Ετικέτες: Προσθήκη ετικέτας
Δεν υπάρχουν, Καταχωρήστε ετικέτα πρώτοι!

MARC

LEADER 00000nam a2200000 i 4500
001 1/50007
008 950914s1994 eng d
020 |a 0-7923-2966-X 
035 |a 1995  |c ΚΩΤΣΑΚΗΣ  |l 10043766 
040 |a GR-MY-UA  |b gre  |e aacr 
041 0 |a eng 
082 0 |a 515.353 
100 1 |a Pommaret, J.-P. 
245 1 0 |a Partial Differential Equations and Group Theory :  |b New Perspectives for Applications /  |c J.-F. Pommaret 
260 |a Dordrecht :   |b Kluwer,   |c 1994 
300 |a 473 p.;  |c 25 cm. 
490 1 |a Mathematics and its Applications  |v ; 293 
500 |a Includes bibliographical references and index 
650 0 0 |a Differential equations, Partial. 
650 0 0 |a Group theory. 
830 0 |a Mathematics and its applications ;  |v ; 293 
852 |a INST  |b SAMOS  |e 19950914  |h 515.353 POM  |p 005300005054  |q 005300005054  |t BK  |y 0 
909 |a Σ  |b 041157